[Event "KRK Mediterranean Golden Island WGM"]
[Site "Krk"]
[Date "2005.10.26"]
[Round "5.3"]
[White "Babataeva, Indira"]
[Black "Djeno, Snjezana"]
[Result "1-0"]
[WhiteElo "2182"]
[BlackElo "1989"]
[PlyCount "151"]
[EventDate "2005.10.22"]
[EventType "tourn"]
[EventRounds "9"]
[EventCountry "CRO"]
[Source "lmi"]
[SourceDate "2005.10.30"]

1. e4 b6 2. d4 Bb7 3. Bd3 e6 4. Nf3 Nf6 5. Qe2 d5 6. e5 Nfd7 7. Ng5 g6 8. h4
Nc6 9. c3 Be7 10. Qg4 h5 11. Qg3 Bxg5 12. Bxg5 Ne7 13. Na3 Nf8 14. O-O Nh7 15.
Be3 Nf5 16. Bxf5 gxf5 17. Qg7 Ke7 18. Qh6 Qg8 19. Qxh5 Qg6 20. Qxg6 fxg6 21.
Rfc1 Rhg8 22. Nb5 a6 23. Na3 g5 24. hxg5 Nxg5 25. Bxg5+ Rxg5 26. Kf1 f4 27. Nc2
a5 28. Ke2 Rxg2 29. Kf3 Rag8 30. Rh1 Ba6 31. Rad1 Bb5 32. Ne1 Rg1 33. Rxg1 Rxg1
34. Kxf4 c5 35. Ke3 Rf1 36. Ra1 Rh1 37. b3 a4 38. bxa4 Bxa4 39. Kd2 Rh2 40. Ke3
Rh1 41. dxc5 bxc5 42. Rb1 Rh4 43. Rb7+ Kd8 44. Nd3 Re4+ 45. Kd2 Bc6 46. Ra7 c4
47. Nb4 Be8 48. Nc2 Rxe5 49. Nd4 Bd7 50. a4 Re4 51. a5 e5 52. Nc2 d4 53. a6 d3
54. Ne3 Rh4 55. Nd5 Bc6 56. Nb4 Bf3 57. Rf7 Bh1 58. a7 Ke8 59. f3 Rh2+ 60. Kd1
Kxf7 61. a8=Q Re2 62. Qd5+ Kf6 63. Nxd3 cxd3 64. Qxd3 Rh2 65. Qd6+ Kf5 66. Qf8+
Kg5 67. Qg7+ Kf5 68. Qg4+ Kf6 69. c4 Ke7 70. c5 Kd8 71. c6 Kc7 72. Qd7+ Kb6 73.
Qb7+ Ka5 74. c7 Rh3 75. c8=Q Bxf3+ 76. Qxf3 1-0

[Event "KRK Mediterranean Golden Island WGM"]
[Site "Krk"]
[Date "2005.10.26"]
[Round "5.4"]
[White "Dragomirescu, Angela"]
[Black "Swathi, Ghate"]
[Result "1-0"]
[WhiteElo "2249"]
[BlackElo "2248"]
[PlyCount "63"]
[EventDate "2005.10.22"]
[EventType "tourn"]
[EventRounds "9"]
[EventCountry "CRO"]
[Source "lmi"]
[SourceDate "2005.10.30"]

1. d4 d5 2. c4 c6 3. Nf3 Nf6 4. Nc3 dxc4 5. a4 Bf5 6. Ne5 Nbd7 7. Nxc4 Qc7 8.
g3 e5 9. dxe5 Nxe5 10. Bf4 Nfd7 11. Bg2 g5 12. Nxe5 gxf4 13. Nxd7 O-O-O 14. Qd4
Qxd7 15. Qxd7+ Rxd7 16. gxf4 Bb4 17. Rd1 Rhd8 18. Rxd7 Rxd7 19. h4 Rd4 20. Bh3
Bxc3+ 21. bxc3 Rxf4 22. e3 Rf3 23. Bg2 Bg4 24. Bxf3 Bxf3 25. Rg1 Be4 26. Rg7
Bg6 27. f4 a5 28. Kf2 b6 29. e4 Bxe4 30. Rxf7 Bg6 31. Re7 Kb8 32. h5 1-0

[Event "KRK Mediterranean Golden Island WGM"]
[Site "Krk"]
[Date "2005.10.26"]
[Round "5.5"]
[White "Burtasova, Anna"]
[Black "Srebrnic, Ana"]
[Result "1-0"]
[WhiteElo "2260"]
[BlackElo "2280"]
[PlyCount "59"]
[EventDate "2005.10.22"]
[EventType "tourn"]
[EventRounds "9"]
[EventCountry "CRO"]
[Source "lmi"]
[SourceDate "2005.10.30"]

1. e4 d6 2. d4 Nf6 3. Bd3 e5 4. c3 Nc6 5. Ne2 g6 6. O-O Bg7 7. f4 exf4 8. Bxf4
Nh5 9. Be3 O-O 10. Nd2 Qe7 11. Nf3 Nd8 12. Qd2 c5 13. Bh6 cxd4 14. cxd4 Ne6 15.
Bxg7 Kxg7 16. Rae1 Bd7 17. Nc3 Nef4 18. Bc4 Rac8 19. Bb3 Qd8 20. e5 Bf5 21.
exd6 Bd3 22. Rf2 Qxd6 23. Ne4 Bxe4 24. Rxe4 f5 25. Re1 Rfe8 26. Ne5 Rcd8 27.
Nf7 Rxe1+ 28. Qxe1 Nd3 29. Qc3 Qxd4 30. Nxd8 1-0

[Event "KRK Mediterranean Golden Island WGM"]
[Site "Krk"]
[Date "2005.10.26"]
[Round "6.2"]
[White "Swathi, Ghate"]
[Black "Burtasova, Anna"]
[Result "0-1"]
[WhiteElo "2248"]
[BlackElo "2260"]
[PlyCount "140"]
[EventDate "2005.10.22"]
[EventType "tourn"]
[EventRounds "9"]
[EventCountry "CRO"]
[Source "lmi"]
[SourceDate "2005.10.30"]

1. e4 c5 2. Nf3 e6 3. d4 cxd4 4. Nxd4 a6 5. Bd3 d5 6. exd5 Qxd5 7. O-O Bd7 8.
Be3 Nf6 9. Nc3 Qe5 10. Re1 Nc6 11. Nf3 Qc7 12. Qd2 Bd6 13. Rad1 Ne5 14. Nxe5
Bxe5 15. h3 O-O 16. Bg5 Bc6 17. Qe2 Nd7 18. Qh5 f5 19. Bc4 Rae8 20. f4 Qb6+ 21.
Kh2 Qf2 22. Qe2 Bxf4+ 23. Bxf4 Qxf4+ 24. g3 Qh6 25. Qxe6+ Rxe6 26. Rxe6 Nb6 27.
Rxh6+ Nxc4 28. Re6 f4 29. Nd5 Bxd5 30. Rxd5 Ne3 31. Rde5 f3 32. Rxe3 f2 33. Re1
fxe1=Q 34. Rxe1 Rf2+ 35. Kg1 Rxc2 36. a4 Rxb2 37. a5 Kf7 38. Rc1 h5 39. Rc7+
Kf6 40. h4 g6 41. Rd7 Kf5 42. Rg7 Rb5 43. Kg2 Rxa5 44. Rxb7 Rb5 45. Rf7+ Ke6
46. Rg7 Kf6 47. Ra7 a5 48. Kf3 Rb3+ 49. Kf4 Rb4+ 50. Kf3 a4 51. Ra6+ Kf7 52.
Ra7+ Ke8 53. Ra6 Rg4 54. Rd6 Ke7 55. Rd5 Ke6 56. Rd8 Ke5 57. Rd7 Rd4 58. Rg7
Rd3+ 59. Kg2 Kf5 60. Rf7+ Ke5 61. Rg7 Kf6 62. Ra7 a3 63. Kh3 Kf5 64. Ra6 Rc3
65. Ra4 Ke5 66. Ra6 Kf5 67. Ra5+ Ke4 68. Ra6 Kd3 69. Rxg6 Kc2 70. Rb6 a2 0-1

[Event "KRK Mediterranean Golden Island WGM"]
[Site "Krk"]
[Date "2005.10.26"]
[Round "6.3"]
[White "Djeno, Snjezana"]
[Black "Dragomirescu, Angela"]
[Result "0-1"]
[WhiteElo "1989"]
[BlackElo "2249"]
[PlyCount "108"]
[EventDate "2005.10.22"]
[EventType "tourn"]
[EventRounds "9"]
[EventCountry "CRO"]
[Source "lmi"]
[SourceDate "2005.10.30"]

1. e4 g6 2. d4 Bg7 3. Nc3 d6 4. Be3 a6 5. Qd2 b5 6. a3 Nd7 7. Nf3 Bb7 8. Be2 c5
9. O-O cxd4 10. Bxd4 Ngf6 11. Bd3 e5 12. Be3 O-O 13. Bg5 Nc5 14. Rfe1 Ne6 15.
Bxf6 Bxf6 16. Bf1 Be7 17. Nd5 Rc8 18. Rac1 Bxd5 19. Qxd5 Rc5 20. Qa2 Bg5 21.
Nxg5 Qxg5 22. c3 Nf4 23. g3 h5 24. Kh1 Ne6 25. Rcd1 Rd8 26. Bh3 Nc7 27. Bg2 Kg7
28. Rd3 h4 29. Red1 Qf6 30. Rf3 Qe7 31. gxh4 Rh8 32. Rh3 Ne6 33. b4 Rc4 34. Qd2
Nf4 35. Re3 Qxh4 36. h3 Nxg2 37. Kxg2 Rxe4 38. Rg3 Rd8 39. Qd5 Rf4 40. Qc6 Qf6
41. Rd2 d5 42. Qxf6+ Kxf6 43. Rgd3 Ke6 44. f3 Rc4 45. Kg3 f5 46. Re2 g5 47. Re1
Rh8 48. Red1 Rd8 49. Re1 Rd7 50. Re2 f4+ 51. Kg4 Kf6 52. h4 gxh4 53. Kxh4 Rc8
54. Kh3 Rg8 0-1

[Event "KRK Mediterranean Golden Island WGM"]
[Site "Krk"]
[Date "2005.10.26"]
[Round "6.4"]
[White "Repkova, Eva"]
[Black "Babataeva, Indira"]
[Result "1-0"]
[WhiteElo "2350"]
[BlackElo "2182"]
[PlyCount "73"]
[EventDate "2005.10.22"]
[EventType "tourn"]
[EventRounds "9"]
[EventCountry "CRO"]
[Source "lmi"]
[SourceDate "2005.10.30"]

1. e4 c5 2. b3 b6 3. Nc3 Bb7 4. f4 Nc6 5. Nf3 e6 6. Bb2 d5 7. exd5 exd5 8. Qe2+
Nge7 9. d4 g6 10. dxc5 Bg7 11. cxb6 O-O 12. O-O-O axb6 13. a4 d4 14. Nb5 Nf5
15. Kb1 Rc8 16. Qd2 Ne3 17. Rc1 Qe7 18. Bd3 Bh6 19. Ba3 Qf6 20. g3 Rfd8 21.
Rhe1 Bg7 22. Ng5 Nd5 23. Ne4 Qf5 24. Nc5 Nc3+ 25. Ka1 Qd5 26. Nxb7 Rd7 27. N7d6
Ra8 28. Bc4 Qf3 29. Nxc3 dxc3 30. Qd5 Nd4 31. Qxf3 Nxf3 32. Bd5 Nxe1 33. Bxa8
Re7 34. Ne4 Ra7 35. Rxe1 Rxa8 36. Bb4 Rc8 37. Nd6 1-0

[Event "KRK Mediterranean Golden Island WGM"]
[Site "Krk"]
[Date "2005.10.26"]
[Round "6.5"]
[White "Ionica, Iulia-Ionela"]
[Black "Franciskovic, Borka"]
[Result "1-0"]
[WhiteElo "2229"]
[BlackElo "2182"]
[PlyCount "81"]
[EventDate "2005.10.22"]
[EventType "tourn"]
[EventRounds "9"]
[EventCountry "CRO"]
[Source "lmi"]
[SourceDate "2005.10.30"]

1. e4 c6 2. d4 d5 3. Nc3 dxe4 4. Nxe4 Bf5 5. Ng3 Bg6 6. h4 h6 7. Nf3 Nd7 8. h5
Bh7 9. Bd3 Bxd3 10. Qxd3 e6 11. Bf4 Qa5+ 12. Bd2 Qc7 13. O-O-O Ngf6 14. Ne4
O-O-O 15. Nxf6 Nxf6 16. g3 Bd6 17. Qe2 Rhe8 18. Ne5 Bxe5 19. dxe5 Nd5 20. Rh4
Ne7 21. Rf4 Nf5 22. c3 Rd5 23. Ra4 Ra5 24. Rxa5 Qxa5 25. a3 Rd8 26. g4 Ne7 27.
c4 Qb6 28. Be3 c5 29. Rxd8+ Kxd8 30. b4 Qc6 31. Bxc5 Qh1+ 32. Kb2 Ke8 33. Bxa7
Nc6 34. Bc5 Qh2 35. Bd6 Qf4 36. b5 Nd4 37. Qe3 Qxg4 38. Kc3 Nf5 39. Qc5 Nxd6
40. exd6 Qf3+ 41. Kb4 1-0

[Event "KRK Mediterranean Golden Island WGM"]
[Site "Krk"]
[Date "2005.10.27"]
[Round "7.1"]
[White "Franciskovic, Borka"]
[Black "Sudakova, Irina"]
[Result "0-1"]
[WhiteElo "2162"]
[BlackElo "2366"]
[PlyCount "78"]
[EventDate "2005.10.22"]
[EventType "tourn"]
[EventRounds "9"]
[EventCountry "CRO"]
[Source "lmi"]
[SourceDate "2005.10.30"]

1. c4 c6 2. Nf3 d5 3. g3 Nf6 4. Bg2 dxc4 5. Qc2 Nbd7 6. Qxc4 e6 7. O-O Bd6 8.
d3 O-O 9. Nc3 Qe7 10. Bd2 Re8 11. Rfc1 e5 12. Ne4 Nxe4 13. dxe4 Nb6 14. Qc2 f6
15. Be3 Rd8 16. Nd2 Be6 17. a3 c5 18. a4 Rac8 19. a5 Nd7 20. Nc4 Bc7 21. a6 b6
22. Bd2 Nb8 23. Ne3 Nc6 24. Bc3 Qf7 25. Nd5 Ne7 26. Nxe7+ Qxe7 27. Rd1 Rxd1+
28. Rxd1 b5 29. e3 c4 30. Qd2 Rd8 31. Qe1 Rxd1 32. Qxd1 Qd6 33. Qa1 Bc8 34. Bf1
Qxa6 35. Qb1 Be6 36. Qe1 Qb6 37. f4 a5 38. f5 Bf7 39. Qd1 Qxe3+ 0-1

[Event "KRK Mediterranean Golden Island WGM"]
[Site "Krk"]
[Date "2005.10.27"]
[Round "7.2"]
[White "Babataeva, Indira"]
[Black "Ionica, Iulia-Ionela"]
[Result "1-0"]
[WhiteElo "2182"]
[BlackElo "2229"]
[PlyCount "61"]
[EventDate "2005.10.22"]
[EventType "tourn"]
[EventRounds "9"]
[EventCountry "CRO"]
[Source "lmi"]
[SourceDate "2005.10.30"]

1. e4 c5 2. Nf3 e6 3. d4 cxd4 4. Nxd4 Nf6 5. Nc3 d6 6. Be3 a6 7. f3 b5 8. g4
Bb7 9. Qd2 Nfd7 10. O-O-O Nb6 11. e5 d5 12. Qf2 N8d7 13. f4 Be7 14. f5 Nxe5 15.
Nxe6 fxe6 16. Bxb6 Bh4 17. Qd4 Qg5+ 18. Kb1 Nf3 19. Qb4 Qe7 20. Bc5 Qc7 21.
Bxb5+ Bc6 22. Bxc6+ Qxc6 23. fxe6 Rc8 24. Rxd5 Bf6 25. Rhd1 Qxe6 26. Ne4 Kf7
27. Nd6+ Kg6 28. Nxc8 Rxc8 29. Qf4 Ne5 30. g5 Nd3 31. R1xd3 1-0

[Event "KRK Mediterranean Golden Island WGM"]
[Site "Krk"]
[Date "2005.10.27"]
[Round "7.3"]
[White "Dragomirescu, Angela"]
[Black "Repkova, Eva"]
[Result "0-1"]
[WhiteElo "2249"]
[BlackElo "2350"]
[PlyCount "120"]
[EventDate "2005.10.22"]
[EventType "tourn"]
[EventRounds "9"]
[EventCountry "CRO"]
[Source "lmi"]
[SourceDate "2005.10.30"]

1. d4 d5 2. c4 e6 3. Nf3 Nf6 4. g3 Be7 5. Bg2 O-O 6. O-O dxc4 7. Ne5 Nc6 8.
Nxc6 bxc6 9. e3 Rb8 10. Qa4 Rb6 11. Rd1 Ba6 12. Nd2 Bb4 13. a3 Bxd2 14. Bxd2
Qd7 15. Bb4 Bb5 16. Qc2 Rfb8 17. Bc5 R6b7 18. e4 Qe8 19. a4 Ba6 20. Ba3 Rb3 21.
Bf1 c5 22. Bxc4 Bxc4 23. Qxc4 Nxe4 24. dxc5 Ng5 25. c6 Nf3+ 26. Kg2 Ne5 27. Qe4
Nxc6 28. Rac1 R3b6 29. a5 Nxa5 30. Rxc7 R6b7 31. Rxb7 Nxb7 32. Rc1 Qd7 33. Qe5
Rc8 34. Qb5 Rd8 35. Qxd7 Rxd7 36. Rc8+ Rd8 37. Rc7 Rb8 38. Kf3 a6 39. Rc6 Ra8
40. Rc7 Nd8 41. Be7 h6 42. Ke4 Rb8 43. b4 f6 44. Bxd8 Rxd8 45. Rc6 Rb8 46. Rxe6
Rxb4+ 47. Kf3 a5 48. Ra6 a4 49. Kg2 Kf7 50. h4 h5 51. Ra5 g6 52. Ra6 f5 53. Kg1
f4 54. Kg2 fxg3 55. fxg3 Rg4 56. Kf3 Ke7 57. Rc6 Kd7 58. Ra6 Kc7 59. Ra8 Kb6
60. Re8 Kb5 0-1

[Event "KRK Mediterranean Golden Island WGM"]
[Site "Krk"]
[Date "2005.10.27"]
[Round "7.4"]
[White "Burtasova, Anna"]
[Black "Djeno, Snjezana"]
[Result "1-0"]
[WhiteElo "2260"]
[BlackElo "1989"]
[PlyCount "57"]
[EventDate "2005.10.22"]
[EventType "tourn"]
[EventRounds "9"]
[EventCountry "CRO"]
[Source "lmi"]
[SourceDate "2005.10.30"]

1. e4 g6 2. d4 Bg7 3. c3 d6 4. Bd3 Nf6 5. f4 e5 6. Nf3 Nc6 7. O-O Bg4 8. d5 Ne7
9. fxe5 dxe5 10. Nbd2 O-O 11. Qb3 Bc8 12. Nxe5 Nxe4 13. Nxe4 Bxe5 14. Bg5 Kg7
15. c4 f6 16. Bf4 Bd4+ 17. Kh1 b6 18. d6 cxd6 19. Nxd6 Bd7 20. Be4 Bc6 21. Rad1
Bxe4 22. Rxd4 Bc6 23. Qe3 g5 24. Qxe7+ Qxe7 25. Nf5+ Kf7 26. Nxe7 Kxe7 27. Bd6+
Kf7 28. Bxf8 Rxf8 29. Rd6 1-0

[Event "KRK Mediterranean Golden Island WGM"]
[Site "Krk"]
[Date "2005.10.27"]
[Round "7.5"]
[White "Srebrnic, Ana"]
[Black "Swathi, Ghate"]
[Result "1-0"]
[WhiteElo "2280"]
[BlackElo "2248"]
[PlyCount "69"]
[EventDate "2005.10.22"]
[EventType "tourn"]
[EventRounds "9"]
[EventCountry "CRO"]
[Source "lmi"]
[SourceDate "2005.10.30"]

1. d4 e6 2. Nf3 b6 3. g3 Bb7 4. Bg2 Nf6 5. c4 Bb4+ 6. Bd2 Be7 7. Nc3 O-O 8. Qc2
d5 9. cxd5 exd5 10. O-O c5 11. Rac1 Nc6 12. dxc5 bxc5 13. Rfd1 Nb4 14. Qb1 d4
15. a3 Na6 16. Bg5 Ng4 17. Bf4 Qb6 18. Ne4 f5 19. Ned2 Bd5 20. Qd3 Rad8 21. h3
Nf6 22. Nc4 Qb7 23. Na5 Qb6 24. Nc4 Qb5 25. Nce5 Qb7 26. Nc4 Ne4 27. h4 Nc7 28.
Na5 Qc8 29. Nxd4 Bf7 30. Ndc6 Bf6 31. Nxd8 Rxd8 32. Qc2 Re8 33. Bxe4 fxe4 34.
Qxc5 e3 35. Bxe3 1-0

[Event "KRK Mediterranean Golden Island WGM"]
[Site "Krk"]
[Date "2005.10.28"]
[Round "8.1"]
[White "Sudakova, Irina"]
[Black "Swathi, Ghate"]
[Result "1-0"]
[WhiteElo "2366"]
[BlackElo "2248"]
[PlyCount "123"]
[EventDate "2005.10.22"]
[EventType "tourn"]
[EventRounds "9"]
[EventCountry "CRO"]
[Source "lmi"]
[SourceDate "2005.10.30"]

1. e4 e5 2. Nf3 Nc6 3. Nc3 Nf6 4. g3 Bc5 5. Bg2 d6 6. d3 a6 7. O-O O-O 8. Be3
Bxe3 9. fxe3 Ne7 10. d4 Ng6 11. Qd3 c6 12. h3 b5 13. Ne2 Be6 14. Nd2 Qc7 15. d5
Bd7 16. c4 bxc4 17. Nxc4 cxd5 18. exd5 Bb5 19. Rac1 Rfc8 20. b3 e4 21. Qd4 Qe7
22. a4 Bxc4 23. Rxc4 Rxc4 24. Qxc4 Qb7 25. Qc6 Rb8 26. Nd4 Ne7 27. Qxb7 Rxb7
28. Rc1 g6 29. Kf2 Kf8 30. g4 h6 31. Bf1 a5 32. Bg2 Ke8 33. Nb5 Kd7 34. Rc4
Nexd5 35. Bxe4 Nxe4+ 36. Rxe4 Rb6 37. Rc4 Rc6 38. Rxc6 Kxc6 39. e4 Nf4 40. Kg3
Ne2+ 41. Kf3 Nc1 42. Nd4+ Kc5 43. Ke3 h5 44. gxh5 gxh5 45. h4 d5 46. e5 Kb4 47.
Nc6+ Kc3 48. Nxa5 d4+ 49. Kf4 d3 50. Nc4 Nxb3 51. Ne3 Kd2 52. Nc4+ Ke2 53. Kg5
Na5 54. Nd6 Kf3 55. Nb5 d2 56. Nc3 Ke3 57. Kxh5 Kd3 58. Nd1 Nc4 59. Kg5 Ne3 60.
Nf2+ Kd4 61. a5 Kxe5 62. a6 1-0

[Event "KRK Mediterranean Golden Island WGM"]
[Site "Krk"]
[Date "2005.10.28"]
[Round "8.2"]
[White "Djeno, Snjezana"]
[Black "Srebrnic, Ana"]
[Result "0-1"]
[WhiteElo "1989"]
[BlackElo "2280"]
[PlyCount "70"]
[EventDate "2005.10.22"]
[EventType "tourn"]
[EventRounds "9"]
[EventCountry "CRO"]
[Source "lmi"]
[SourceDate "2005.10.30"]

1. d4 d6 2. g3 g6 3. Bg2 Bg7 4. e4 Nd7 5. Ne2 e6 6. c4 Ne7 7. Nbc3 O-O 8. O-O
e5 9. Be3 f5 10. f4 fxe4 11. Bxe4 Nf6 12. fxe5 Nxe4 13. Nxe4 dxe5 14. d5 Bh3
15. Rxf8+ Qxf8 16. N2c3 Nf5 17. Bc5 Qc8 18. Nf2 b6 19. Nxh3 bxc5 20. Qg4 Qb7
21. Rb1 Re8 22. Ng5 Bh6 23. Nce4 Qa6 24. d6 Bxg5 25. Qxg5 Qxc4 26. Nf6+ Kf7 27.
d7 Qd4+ 28. Kg2 Rb8 29. g4 h6 30. Qc1 Kxf6 31. gxf5 Qe4+ 32. Kg3 Qd3+ 33. Kg2
Rb4 34. Qd1 Rxb2+ 35. Rxb2 Qxd1 0-1

[Event "KRK Mediterranean Golden Island WGM"]
[Site "Krk"]
[Date "2005.10.28"]
[Round "8.3"]
[White "Repkova, Eva"]
[Black "Burtasova, Anna"]
[Result "1-0"]
[WhiteElo "2350"]
[BlackElo "2260"]
[PlyCount "67"]
[EventDate "2005.10.22"]
[EventType "tourn"]
[EventRounds "9"]
[EventCountry "CRO"]
[Source "lmi"]
[SourceDate "2005.10.30"]

1. e4 c5 2. b3 Nc6 3. Bb2 e5 4. Bc4 d6 5. Nc3 Nf6 6. Nge2 Be7 7. O-O O-O 8. Ng3
a6 9. Nd5 Be6 10. f4 b5 11. fxe5 dxe5 12. Nxf6+ Bxf6 13. Bxe6 fxe6 14. Nh5 Qe7
15. Qg4 Bg5 16. Nxg7 Kxg7 17. h4 h5 18. Qg3 Kh6 19. hxg5+ Qxg5 20. Qh3 Rg8 21.
Qxe6+ Rg6 22. Qh3 Rag8 23. Rf2 Nd4 24. d3 Kh7 25. Raf1 Qg4 26. Rf7+ Kh8 27.
Qxg4 Rxg4 28. R1f2 h4 29. Kh2 R8g5 30. Re7 Kg8 31. Bc1 Rh5 32. c3 h3 33. g3 Nc6
34. Re6 1-0

[Event "KRK Mediterranean Golden Island WGM"]
[Site "Krk"]
[Date "2005.10.28"]
[Round "8.4"]
[White "Ionica, Iulia-Ionela"]
[Black "Dragomirescu, Angela"]
[Result "1/2-1/2"]
[WhiteElo "2229"]
[BlackElo "2249"]
[PlyCount "23"]
[EventDate "2005.10.22"]
[EventType "tourn"]
[EventRounds "9"]
[EventCountry "CRO"]
[Source "lmi"]
[SourceDate "2005.10.30"]

1. e4 e5 2. Nf3 Nc6 3. Bb5 Nf6 4. O-O Nxe4 5. d4 Nd6 6. Bxc6 dxc6 7. dxe5 Nf5
8. Qxd8+ Kxd8 9. Nc3 Bd7 10. Rd1 b6 11. b3 Rc8 12. Bb2 1/2-1/2

[Event "KRK Mediterranean Golden Island WGM"]
[Site "Krk"]
[Date "2005.10.21"]
[Round "8.5"]
[White "Franciskovic, Borka"]
[Black "Babataeva, Indira"]
[Result "1/2-1/2"]
[WhiteElo "2162"]
[BlackElo "2182"]
[PlyCount "62"]
[EventDate "2005.10.22"]
[EventType "tourn"]
[EventRounds "9"]
[EventCountry "CRO"]
[Source "lmi"]
[SourceDate "2005.10.30"]

1. c4 e5 2. g3 Nc6 3. Bg2 g6 4. Nc3 Bg7 5. d3 f5 6. Nf3 Nf6 7. O-O d6 8. Rb1 h6
9. b4 g5 10. b5 Ne7 11. c5 Be6 12. cxd6 cxd6 13. Ba3 O-O 14. Nd2 Rc8 15. Bb4
Qd7 16. Nc4 Ne8 17. Qa4 b6 18. Qa3 e4 19. Rbc1 exd3 20. exd3 f4 21. Nxd6 Rxc3
22. Bxc3 Nxd6 23. Bxg7 Kxg7 24. Bc6 Nxc6 25. Rxc6 Nf7 26. Qc3+ Kh7 27. Qf6 Bf5
28. d4 Qd5 29. Re1 Bh3 30. Qg6+ Kh8 31. Qf6+ Kh7 1/2-1/2

[Event "KRK Mediterranean Golden Island WGM"]
[Site "Krk"]
[Date "2005.10.22"]
[Round "9.1"]
[White "Babataeva, Indira"]
[Black "Sudakova, Irina"]
[Result "1-0"]
[WhiteElo "2182"]
[BlackElo "2366"]
[PlyCount "105"]
[EventDate "2005.10.22"]
[EventType "tourn"]
[EventRounds "9"]
[EventCountry "CRO"]
[Source "lmi"]
[SourceDate "2005.10.30"]

1. e4 e5 2. Nf3 Nf6 3. Nc3 Nc6 4. d4 exd4 5. Nxd4 Bb4 6. Nxc6 bxc6 7. Bd3 d5 8.
exd5 cxd5 9. O-O O-O 10. Bg5 c6 11. Qf3 Bd6 12. Bxf6 Qxf6 13. Qxf6 gxf6 14. Ne2
Rb8 15. Rab1 Be6 16. Ng3 Rb6 17. b3 Rfb8 18. Nf5 Be5 19. f4 Bc3 20. Rf3 c5 21.
Rg3+ Kf8 22. Nh6 Bd2 23. Rf1 f5 24. Bxf5 Bxf5 25. Nxf5 Rf6 26. Rd3 Rxf5 27.
Rxd2 d4 28. Re2 Re8 29. Rxe8+ Kxe8 30. g3 Rf6 31. Re1+ Kd7 32. Re5 Ra6 33. a4
Kd6 34. Rf5 Ra5 35. Kf2 Ke6 36. g4 Ke7 37. Ke2 Ra6 38. Rxc5 Rh6 39. Rh5 Rf6 40.
Kf3 Rc6 41. Ke4 Rxc2 42. Kxd4 Rf2 43. Ke4 Re2+ 44. Kf5 Re3 45. Rxh7 Rxb3 46. g5
Kf8 47. Rh8+ Kg7 48. Ra8 Rh3 49. Rxa7 Rxh2 50. g6 Rh5+ 51. Kg4 Kxg6 52. Ra6+ f6
53. Rxf6+ 1-0

[Event "KRK Mediterranean Golden Island WGM"]
[Site "Krk"]
[Date "2005.10.29"]
[Round "9.2"]
[White "Dragomirescu, Angela"]
[Black "Franciskovic, Borka"]
[Result "1-0"]
[WhiteElo "2249"]
[BlackElo "2162"]
[PlyCount "123"]
[EventDate "2005.10.22"]
[EventType "tourn"]
[EventRounds "9"]
[EventCountry "CRO"]
[Source "lmi"]
[SourceDate "2005.10.30"]

1. d4 Nf6 2. c4 e6 3. g3 Bb4+ 4. Bd2 c5 5. Bxb4 cxb4 6. Nf3 O-O 7. Bg2 d6 8.
O-O Nc6 9. Nbd2 Re8 10. Re1 a5 11. e4 e5 12. d5 Nb8 13. Nf1 Bg4 14. Ne3 Bxf3
15. Qxf3 Na6 16. g4 g6 17. h4 Nc5 18. Nf1 h5 19. g5 Nfd7 20. Bh3 Rf8 21. Qg3 f6
22. Nd2 fxg5 23. hxg5 Rf4 24. Re3 Qe7 25. f3 Kg7 26. a3 bxa3 27. Rexa3 b6 28.
b4 Nb7 29. bxa5 Nxa5 30. Nb3 Raf8 31. Nxa5 bxa5 32. Bg2 Qd8 33. Rxa5 Qb6+ 34.
Qf2 Nc5 35. Rb5 Qd8 36. Qg3 h4 37. Ra7+ Kh8 38. Qh3 Qxg5 39. Kh2 Qf6 40. Rba5
Nd3 41. Qd7 Rf7 42. Qxf7 Qxf7 43. Rxf7 Rxf7 44. Ra6 Rf6 45. Ra7 Ne1 46. Rd7 Kg8
47. Kh3 g5 48. Bh1 Nxf3 49. Bxf3 Rxf3+ 50. Kg4 Rf4+ 51. Kxg5 h3 52. Rxd6 Rxe4
53. c5 Kg7 54. c6 h2 55. Rg6+ Kf7 56. Rh6 Rc4 57. Rxh2 Ke7 58. Rh7+ Kd8 59. Kf5
e4 60. Ke6 e3 61. Kd6 Ke8 62. Re7+ 1-0

[Event "KRK Mediterranean Golden Island WGM"]
[Site "Krk"]
[Date "2005.10.29"]
[Round "9.4"]
[White "Burtasova, Anna"]
[Black "Ionica, Iulia-Ionela"]
[Result "0-1"]
[WhiteElo "2260"]
[BlackElo "2229"]
[PlyCount "56"]
[EventDate "2005.10.22"]
[EventType "tourn"]
[EventRounds "9"]
[EventCountry "CRO"]
[Source "lmi"]
[SourceDate "2005.10.30"]

1. e4 c5 2. Nf3 e6 3. c3 Nf6 4. e5 Nd5 5. d4 cxd4 6. cxd4 d6 7. Bc4 Nc6 8. O-O
Be7 9. Qe2 O-O 10. Qe4 Qc7 11. Bd3 f5 12. exf6 Nxf6 13. Qe2 Nb4 14. Bc4 d5 15.
Bb3 Ng4 16. g3 Bd6 17. Nc3 Qf7 18. Ne5 Nxe5 19. dxe5 Bc5 20. Be3 b6 21. Nb5 Ba6
22. a4 Qf5 23. Rad1 Kh8 24. Rfe1 Rad8 25. Qd2 d4 26. Bg5 Bb7 27. f4 d3+ 28. Re3
Qe4 0-1

[Event "KRK Mediterranean Golden Island WGM"]
[Site "Krk"]
[Date "2005.10.29"]
[Round "9.5"]
[White "Swathi, Ghate"]
[Black "Djeno, Snjezana"]
[Result "1-0"]
[WhiteElo "2248"]
[BlackElo "1989"]
[PlyCount "67"]
[EventDate "2005.10.22"]
[EventType "tourn"]
[EventRounds "9"]
[EventCountry "CRO"]
[Source "lmi"]
[SourceDate "2005.10.30"]

1. e4 c5 2. Nf3 Nc6 3. d4 cxd4 4. Nxd4 e5 5. Nb5 a6 6. Nd6+ Bxd6 7. Qxd6 Qf6 8.
Qd3 Nge7 9. Be3 d5 10. exd5 Nb4 11. Qd2 Nexd5 12. Bc5 Qh4 13. Na3 Qe4+ 14. Be2
Bf5 15. O-O-O O-O-O 16. Kb1 Nf4 17. Qxb4 Qxb4 18. Bxb4 Nxe2 19. Rde1 Nf4 20.
Rxe5 Rd5 21. Re7 Rhd8 22. b3 Be6 23. Nc4 Rd1+ 24. Rxd1 Rxd1+ 25. Kb2 Nd5 26.
Re8+ Kd7 27. Rb8 b5 28. Rb7+ Kd8 29. Ba5+ Ke8 30. Nd6+ Kf8 31. c4 bxc4 32. bxc4
Ne3 33. fxe3 Rxd6 34. Bb4 1-0